[Event "20th Bosna it"]
[Site "Sarajevo YUG"]
[Date "1981.03.18"]
[Round "1"]
[White "Jansa, Vlastimil"]
[Black "Cekro, Ekrem"]
[Result "1/2-1/2"]
[WhiteElo "2495"]
[BlackElo "2350"]
[EventDate "1981.03.18"]
[PlyCount "56"]

1.e4 d6 2.d4 Nf6 3.Nc3 g6 4.Nf3 Bg7 5.Be2 O-O 6.O-O Bg4 7.Be3 Nc6 8.Qd2 e5
9.dxe5 dxe5 10.Rad1 Qc8 11.Qc1 Rd8 12.Rxd8+ Qxd8 13.Rd1 Qf8 14.h3 Bxf3 15.
Bxf3 Rd8 16.Rxd8 Qxd8 17.Qd1 Nd4 18.Nb5 Nxf3+ 19.Qxf3 a6 20.Nc3 Qd6 21.a3 
b5 22.Bg5 c6 23.Kf1 Nd7 24.Be3 Bf8 25.Qd1 Qe6 26.Qg4 Qd6 27.Qd1 Qe6 28.Qg4
Qd6 1/2-1/2

[Event "20th Bosna it"]
[Site "Sarajevo YUG"]
[Date "1981.03.23"]
[Round "1"]
[White "Klaric, Zlatko"]
[Black "Osmanovic, Kemal"]
[Result "1-0"]
[WhiteElo "2465"]
[BlackElo "2395"]
[EventDate "1981.03.18"]
[PlyCount "147"]

1.d4 e6 2.Nf3 c5 3.c3 Be7 4.Bf4 Nf6 5.Nbd2 Nh5 6.Bg3 Nxg3 7.hxg3 d5 8.e3 
Nc6 9.Bd3 h6 10.Qe2 Bd7 11.g4 Qb6 12.Rb1 Qc7 13.g5 O-O-O 14.gxh6 Rxh6 15.
Rxh6 gxh6 16.Qf1 e5 17.dxe5 Nxe5 18.Nxe5 Qxe5 19.Qh1 h5 20.Nf3 Qh8 21.Qh2 
Be6 22.Kd2 h4 23.Rh1 Qf6 24.Qxh4 Qxh4 25.Nxh4 d4 26.Bf5 Bf6 27.cxd4 cxd4 
28.e4 d3 29.Bxe6+ fxe6 30.Nf3 Bxb2 31.Ne1 Bc1+ 32.Kd1 Bb2 33.Rh3 d2 34.Nd3
Bc3 35.a3 b6 36.Nc5 Be5 37.Nxe6 Rd6 38.Ng5 Bf4 39.Rh8+ Kb7 40.Nh3 Be5 41.
Rh7+ Ka6 42.f4 Bc3 43.Nf2 Bd4 44.Nd3 Bc3 45.Nb4+ Kb5 46.Nd5 Ba5 47.f5 Kc4 
48.f6 Kd4 49.f7 Rd8 50.Rg7 Rh8 51.Nb4 Rf8 52.Kxd2 Ke5 53.Ke3 b5 54.Rg5+ 
Ke6 55.Rxb5 Bb6+ 56.Ke2 Rxf7 57.Nd3 Rc7 58.Nf4+ Kd7 59.Rb3 Rc4 60.Kf3 Ra4 
61.Nd3 Kc6 62.g4 Bd8 63.Kf4 Be7 64.Nb4+ Kd7 65.Kf5 a5 66.Nc2 Rc4 67.Ne3 
Rc1 68.e5 Kc6 69.Rd3 a4 70.e6 Ra1 71.Rc3+ Kb7 72.Nd5 Rf1+ 73.Kg6 Bd6 74.e7
1-0

[Event "20th Bosna it"]
[Site "Sarajevo YUG"]
[Date "1981.03.18"]
[Round "1"]
[White "Kurajica, Bojan"]
[Black "Langeweg, Christian"]
[Result "1-0"]
[WhiteElo "2495"]
[BlackElo "2455"]
[EventDate "1981.03.18"]
[PlyCount "71"]

1.e4 c5 2.Nf3 e6 3.d4 cxd4 4.Nxd4 Nc6 5.Nxc6 bxc6 6.Bd3 Nf6 7.O-O d5 8.Nd2
Be7 9.b3 O-O 10.Bb2 a5 11.c4 Bb4 12.exd5 cxd5 13.Qc2 h6 14.Rac1 Ba6 15.Nf3
Qe7 16.Ne5 Rfc8 17.Qe2 Ba3 18.Bxa3 Qxa3 19.Rfe1 dxc4 20.Bxc4 Bxc4 21.Nxc4 
Qb4 22.Ne5 Rxc1 23.Rxc1 Nd5 24.Qf3 Rf8 25.a4 Qd2 26.Rd1 Qc2 27.g3 Qc7 28.
Nc4 Rb8 29.Kg2 g6 30.Rd3 Kg7 31.Qe2 h5 32.h4 Rb4 33.Rf3 Rb7 34.Qd2 Nb4 35.
Nd6 Qd8 36.Nf5+ 1-0

[Event "20th Bosna it"]
[Site "Sarajevo YUG"]
[Date "1981.03.23"]
[Round "1"]
[White "Martinovic, Slobodan"]
[Black "Knezevic, Milorad"]
[Result "1/2-1/2"]
[WhiteElo "2475"]
[BlackElo "2500"]
[EventDate "1981.03.18"]
[PlyCount "32"]

1.e4 e5 2.Nf3 Nf6 3.Nxe5 d6 4.Nf3 Nxe4 5.Qe2 Qe7 6.d3 Nf6 7.Bg5 Qxe2+ 8.
Bxe2 Be7 9.Nc3 c6 10.O-O-O Na6 11.Rhe1 Nc7 12.Nd4 h6 13.Bxf6 Bxf6 14.Bg4+ 
Kf8 15.Bxc8 Rxc8 16.Nf5 Rd8 1/2-1/2

[Event "20th Bosna it"]
[Site "Sarajevo YUG"]
[Date "1981.03.19"]
[Round "2"]
[White "Cekro, Ekrem"]
[Black "Arapovic, Vitomir"]
[Result "1-0"]
[WhiteElo "2350"]
[BlackElo "2380"]
[EventDate "1981.03.18"]
[PlyCount "33"]

1.c4 b6 2.Nc3 Bb7 3.e4 e6 4.Nf3 Bb4 5.Qc2 f5 6.exf5 Bxf3 7.gxf3 Nf6 8.fxe6
O-O 9.d4 dxe6 10.Be3 c5 11.O-O-O cxd4 12.Bxd4 Qe7 13.Ne4 e5 14.Be3 Nc6 15.
Nxf6+ gxf6 16.Qe4 Qc7 17.Qg4+ 1-0

[Event "20th Bosna it"]
[Site "Sarajevo YUG"]
[Date "1981.03.29"]
[Round "2"]
[White "Knezevic, Milorad"]
[Black "Osmanovic, Kemal"]
[Result "1-0"]
[WhiteElo "2500"]
[BlackElo "2395"]
[EventDate "1981.03.18"]
[PlyCount "85"]

1.d4 d5 2.Nf3 Nf6 3.Bf4 c5 4.e3 Nc6 5.c3 Qb6 6.Qc1 Bf5 7.Nbd2 Rc8 8.dxc5 
Qxc5 9.Qd1 Qb6 10.Qb3 Qxb3 11.axb3 Nh5 12.Bb5 Nxf4 13.exf4 a6 14.Bxc6+ 
Rxc6 15.Nd4 Rf6 16.Nxf5 Rxf5 17.g3 e5 18.fxe5 Rxe5+ 19.Kf1 Kd7 20.Nf3 Rf5 
21.Kg2 Bc5 22.Rad1 Re8 23.Rd2 Kc6 24.Rhd1 h5 25.h3 Re4 26.b4 Bb6 27.Ne1 g5
28.Nc2 Rfe5 29.Kf1 g4 30.h4 f5 31.Ne1 d4 32.Nd3 Re6 33.c4 Rh6 34.b3 Ba7 
35.Nf4 Bb8 36.Ne2 f4 37.gxf4 Bxf4 38.Rxd4 Rxd4 39.Nxd4+ Kc7 40.Nf5 Rb6 41.
Ne7 Rd6 42.Nd5+ Kd7 43.c5 1-0

[Event "20th Bosna it"]
[Site "Sarajevo YUG"]
[Date "1981.03.19"]
[Round "2"]
[White "Lukacs, Peter"]
[Black "Jansa, Vlastimil"]
[Result "1/2-1/2"]
[WhiteElo "2465"]
[BlackElo "2495"]
[EventDate "1981.03.18"]
[PlyCount "50"]

1.d4 Nf6 2.c4 g6 3.Nc3 d5 4.Bf4 Bg7 5.e3 O-O 6.Rc1 c6 7.Nf3 Be6 8.Ng5 Bf5 
9.Be2 Qb6 10.b3 h6 11.Nf3 Nbd7 12.h3 Ne4 13.O-O Qa5 14.Qe1 Nxc3 15.Qxc3 
Qxa2 16.Rfe1 g5 17.Bh2 a5 18.g4 Bg6 19.cxd5 cxd5 20.Qc7 Rac8 21.Qxd7 Rxc1 
22.Rxc1 Qxe2 23.Qxd5 Qb2 24.Re1 b6 25.e4 e6 1/2-1/2

[Event "20th Bosna it"]
[Site "Sarajevo YUG"]
[Date "1981.03.19"]
[Round "2"]
[White "Martinovic, Slobodan"]
[Black "Csom, Istvan"]
[Result "1/2-1/2"]
[WhiteElo "2475"]
[BlackElo "2500"]
[EventDate "1981.03.18"]
[PlyCount "25"]

1.e4 e6 2.d4 d5 3.Nd2 dxe4 4.Nxe4 Nd7 5.Nf3 Be7 6.Bd3 Ngf6 7.Nxf6+ Nxf6 8.
Bg5 O-O 9.Qe2 c5 10.dxc5 Qa5+ 11.c3 Qxc5 12.O-O Qc7 13.Rfe1 1/2-1/2

[Event "20th Bosna it"]
[Site "Sarajevo YUG"]
[Date "1981.03.20"]
[Round "3"]
[White "Arapovic, Vitomir"]
[Black "Lukacs, Peter"]
[Result "1/2-1/2"]
[WhiteElo "2380"]
[BlackElo "2465"]
[EventDate "1981.03.18"]
[PlyCount "100"]

1.e4 e5 2.Nc3 Nf6 3.g3 d5 4.exd5 Nxd5 5.Bg2 Nxc3 6.bxc3 Bd6 7.Ne2 O-O 8.
O-O c6 9.d4 Nd7 10.Re1 Nb6 11.a4 a5 12.dxe5 Bxe5 13.Nd4 Re8 14.Ba3 Bd7 15.
Bc5 Nd5 16.Qd3 b6 17.Ba3 Qf6 18.f4 Bd6 19.Bxd6 Qxd6 20.Nb3 Qf6 21.c4 Bf5 
22.Qd4 Nb4 23.Qxf6 gxf6 24.Nd4 Bxc2 25.Nxc6 Nd3 26.Rxe8+ Rxe8 27.Nd4 Nb4 
28.Nxc2 Nxc2 29.Rc1 Nd4 30.Rd1 Ne2+ 31.Kf1 Nc3 32.Rd6 Re6 33.Rd7 f5 34.Bd5
Rf6 35.Rd8+ Kg7 36.Kf2 Nxa4 37.Ke3 Nc5 38.Ra8 Rh6 39.Ra7 Rxh2 40.Rxf7+ Kg6
41.Ra7 a4 42.Ra8 h5 43.Kd4 Re2 44.Ra7 Re1 45.Bf7+ Kf6 46.Bxh5 Ke6 47.g4 
Re4+ 48.Kc3 Rxf4 49.gxf5+ Ke5 50.Bd1 Rxf5 1/2-1/2

[Event "20th Bosna it"]
[Site "Sarajevo YUG"]
[Date "1981.03.20"]
[Round "3"]
[White "Csom, Istvan"]
[Black "Knezevic, Milorad"]
[Result "1/2-1/2"]
[WhiteElo "2500"]
[BlackElo "2500"]
[EventDate "1981.03.18"]
[PlyCount "35"]

1.Nf3 Nf6 2.g3 b5 3.Bg2 Bb7 4.O-O e6 5.c3 Be7 6.d3 c5 7.a4 b4 8.cxb4 cxb4 
9.Nbd2 O-O 10.Nb3 a5 11.Re1 Na6 12.Be3 Ng4 13.Qd2 Bd5 14.Nfd4 Nc7 15.h3 
Nxe3 16.Qxe3 f5 17.Qd2 f4 18.e4 1/2-1/2

[Event "20th Bosna it"]
[Site "Sarajevo YUG"]
[Date "1981.03.20"]
[Round "3"]
[White "Klaric, Zlatko"]
[Black "Langeweg, Christian"]
[Result "0-1"]
[WhiteElo "2465"]
[BlackElo "2455"]
[EventDate "1981.03.18"]
[PlyCount "84"]

1.d4 Nf6 2.Nf3 e6 3.Bg5 c5 4.e3 Qb6 5.Nbd2 Qxb2 6.Bd3 d5 7.c4 Qc3 8.Ke2 
Nc6 9.Rc1 Qa3 10.Bxf6 gxf6 11.cxd5 exd5 12.dxc5 Bxc5 13.Qc2 Bb6 14.Nb1 Qa5
15.Qb2 Ke7 16.Nc3 Be6 17.Rhd1 Rad8 18.Ke1 d4 19.exd4 Nxd4 20.Be4 Nxf3+ 21.
Bxf3 Rxd1+ 22.Rxd1 Rd8 23.Rxd8 Kxd8 24.Qd2+ Kc8 25.Qd3 Qa3 26.Be2 h6 27.
Nd5 Qxd3 28.Nxb6+ axb6 29.Bxd3 Bxa2 30.Ke2 Bd5 31.f3 Kc7 32.Ke3 Kc6 33.Kf4
Kd6 34.Kg3 Kc5 35.Kh4 b5 36.Kh5 b4 37.Kxh6 Ba2 38.Kg7 b3 39.Kxf7 b2+ 40.
Kxf6 b1=Q 41.Bxb1 Bxb1 42.f4 b5 0-1

[Event "20th Bosna it"]
[Site "Sarajevo YUG"]
[Date "1981.03.20"]
[Round "3"]
[White "Kurajica, Bojan"]
[Black "Cekro, Ekrem"]
[Result "1-0"]
[WhiteElo "2495"]
[BlackElo "2350"]
[EventDate "1981.03.18"]
[PlyCount "85"]

1.e4 d6 2.d4 Nf6 3.Nc3 g6 4.h3 Bg7 5.Be3 O-O 6.Qd2 c6 7.Bh6 Qa5 8.Bxg7 
Kxg7 9.Nf3 Nbd7 10.Be2 e5 11.O-O Re8 12.a3 d5 13.dxe5 Nxe5 14.b4 Qc7 15.
exd5 cxd5 16.Nxd5 Nxd5 17.Qxd5 Bf5 18.Nxe5 Rxe5 19.Qd4 Rd8 20.Qb2 f6 21.
Bf3 Rd2 22.Rfd1 Rxc2 23.Rac1 Rxc1 24.Rxc1 Qe7 25.Qc3 Be4 26.Qc8 Qf7 27.
Bxe4 Rxe4 28.Qd8 Re8 29.Qd4 a6 30.a4 Re5 31.Qb6 Re6 32.Qa5 Qe8 33.b5 axb5 
34.axb5 b6 35.Rc7+ Kh6 36.Qd2+ g5 37.Qc2 Re1+ 38.Kh2 Qe5+ 39.g3 Re4 40.Rb7
Qe6 41.Qc7 Qg8 42.Rxb6 Qg6 43.Qc6 1-0

[Event "20th Bosna it"]
[Site "Sarajevo YUG"]
[Date "1981.03.20"]
[Round "3"]
[White "Uhlmann, Wolfgang"]
[Black "Martinovic, Slobodan"]
[Result "1-0"]
[WhiteElo "2475"]
[BlackElo "2475"]
[EventDate "1981.03.18"]
[PlyCount "69"]

1.c4 Nf6 2.Nc3 g6 3.e4 d6 4.d4 Bg7 5.Be2 O-O 6.Bg5 Nbd7 7.Qd2 c6 8.Nf3 e5 
9.O-O exd4 10.Nxd4 Re8 11.Rad1 Qb6 12.f3 Nc5 13.Kh1 Nfd7 14.Ndb5 Re6 15.b4
Bxc3 16.Qxc3 cxb5 17.cxb5 Nxe4 18.fxe4 Ne5 19.a4 a5 20.bxa5 Qxa5 21.Qxa5 
Rxa5 22.Rd4 Re8 23.h3 Be6 24.Ra1 Nd7 25.Ra3 Nc5 26.Bd2 Raa8 27.a5 Bf5 28.
exf5 Rxe2 29.Bf4 Rb2 30.b6 Rxb6 31.axb6 Rxa3 32.Bxd6 Ra1+ 33.Kh2 Nb3 34.
Rd3 Na5 35.Be5 1-0

[Event "20th Bosna it"]
[Site "Sarajevo YUG"]
[Date "1981.03.21"]
[Round "4"]
[White "Cekro, Ekrem"]
[Black "Kelecevic, Nedeljko"]
[Result "1/2-1/2"]
[WhiteElo "2350"]
[BlackElo "2400"]
[EventDate "1981.03.18"]
[PlyCount "37"]

1.c4 Nf6 2.g3 e6 3.Bg2 d5 4.Nf3 Be7 5.O-O O-O 6.b3 c5 7.cxd5 Nxd5 8.Bb2 
Bf6 9.Qc1 Nc6 10.Bxf6 Qxf6 11.Nc3 Nxc3 12.dxc3 Bd7 13.Qe3 Qe7 14.Rad1 Rfd8
15.Ng5 Be8 16.Be4 h6 17.Nf3 Rxd1 18.Rxd1 Rd8 19.Rd3 1/2-1/2

[Event "20th Bosna it"]
[Site "Sarajevo YUG"]
[Date "1981.03.21"]
[Round "4"]
[White "Dizdarevic, Emir"]
[Black "Arapovic, Vitomir"]
[Result "1/2-1/2"]
[WhiteElo "2340"]
[BlackElo "2380"]
[EventDate "1981.03.18"]
[PlyCount "124"]

1.c4 e5 2.Nc3 Nf6 3.Nf3 Nc6 4.e3 Bb4 5.Qc2 O-O 6.d3 Re8 7.Bd2 d6 8.Be2 Ne7
9.a3 Bxc3 10.Bxc3 h6 11.Nd2 Ng6 12.O-O c6 13.Rae1 d5 14.d4 e4 15.f3 Bf5 
16.f4 Qd7 17.Rf2 Ng4 18.Bxg4 Bxg4 19.b3 h5 20.h3 Bf5 21.Qd1 h4 22.Nf1 f6 
23.Bb4 Kf7 24.a4 Rh8 25.Ree2 Be6 26.Rc2 a5 27.Bc5 Ne7 28.Bxe7 Kxe7 29.Nh2 
f5 30.Nf1 Rag8 31.Qe1 Qd8 32.cxd5 Bxd5 33.Nd2 Qb6 34.Nc4 Qb4 35.Qc3 Bxc4 
36.Qxb4+ axb4 37.Rxc4 g5 38.Rxb4 gxf4 39.Rxb7+ Ke6 40.Rxf4 Rg3 41.Kf2 Rhg8
42.Rxh4 Rxg2+ 43.Ke1 R8g6 44.Rbh7 c5 45.dxc5 R6g3 46.R4h6+ Kd5 47.Rh5 
Rxe3+ 48.Kf1 Reg3 49.Rxf5+ Kd4 50.Rf2 Rg1+ 51.Ke2 Re3+ 52.Kd2 Rxb3 53.Rd7+
Kc4 54.Ke2 Kxc5 55.Rc7+ Kd6 56.Rc2 Ke5 57.Rf8 Rg2+ 58.Rf2 Rxf2+ 59.Kxf2 
Kf4 60.Ke1 Rb1+ 61.Ke2 Ra1 62.Rc3 Rxa4 1/2-1/2

[Event "20th Bosna it"]
[Site "Sarajevo YUG"]
[Date "1981.03.21"]
[Round "4"]
[White "Knezevic, Milorad"]
[Black "Drasko, Milan"]
[Result "1-0"]
[WhiteElo "2500"]
[BlackElo "2240"]
[EventDate "1981.03.18"]
[PlyCount "183"]

1.d4 e6 2.Nf3 Nf6 3.Bf4 d5 4.e3 c5 5.Nbd2 Bd6 6.Bg3 O-O 7.c3 b6 8.Ne5 Ba6 
9.Bxa6 Nxa6 10.Qe2 Nc7 11.O-O Nfe8 12.dxc5 bxc5 13.c4 a5 14.Rfd1 Qe7 15.
Rac1 Na6 16.Nb1 Qc7 17.Nd3 Bxg3 18.hxg3 Nf6 19.cxd5 exd5 20.Nf4 Rfd8 21.
Nc3 Qc6 22.Qf3 Nc7 23.b3 Rd6 24.Nd3 Ne4 25.Ne5 Qe8 26.Nxe4 dxe4 27.Qxe4 
Re6 28.Qb7 Na6 29.Nc4 Rb8 30.Qd5 a4 31.bxa4 Qxa4 32.a3 g6 33.Rb1 Rbe8 34.
Rb7 Qc2 35.Rdb1 R8e7 36.R7b2 Qc3 37.Rb3 Qc2 38.Qd3 Qxd3 39.Rxd3 Kg7 40.f3 
h5 41.Kf2 Nc7 42.Rb7 Ra6 43.Nd6 Ra8 44.Ke2 Kf8 45.Kd2 Ne6 46.Rxe7 Kxe7 47.
Nc4 f5 48.Nb6 Rb8 49.Rb3 Rd8+ 50.Rd3 Rb8 51.Nd5+ Kf7 52.Kc2 Ra8 53.Nb6 Rb8
54.Nc4 Ra8 55.Rd7+ Kf6 56.f4 g5 57.Ne5 gxf4 58.gxf4 Ng5 59.Rd6+ Ke7 60.Rg6
Ne4 61.Nc4 h4 62.Kb3 Rb8+ 63.Ka4 Nc3+ 64.Ka5 Nd5 65.Rc6 Rg8 66.Rxc5 Ke6 
67.Rc6+ Ke7 68.Rh6 Rxg2 69.Rxh4 Rg3 70.Rh1 Kd7 71.Rd1 Kc6 72.Rc1 Kd7 73.
Re1 Kc6 74.Rc1 Kd7 75.Kb5 Nxe3 76.Rc3 Nf1 77.Nb6+ Kd6 78.Rc6+ Ke7 79.a4 
Rb3+ 80.Ka6 Nd2 81.a5 Rb1 82.Ka7 Nb3 83.a6 Nd4 84.Rc5 Ne6 85.Re5 Kd6 86.
Rxe6+ Kxe6 87.Kb7 Kd6 88.a7 Kc5 89.a8=Q Rxb6+ 90.Kc7 Rb5 91.Kd7 Rb4 92.
Qf8+ 1-0

[Event "20th Bosna it"]
[Site "Sarajevo YUG"]
[Date "1981.03.21"]
[Round "4"]
[White "Langeweg, Christian"]
[Black "Osmanovic, Kemal"]
[Result "1/2-1/2"]
[WhiteElo "2455"]
[BlackElo "2395"]
[EventDate "1981.03.18"]
[PlyCount "36"]

1.d4 d5 2.Nf3 Nf6 3.c4 e6 4.g3 Nbd7 5.Bg2 dxc4 6.Nbd2 b5 7.Ne5 Nxe5 8.Bxa8
Qxd4 9.O-O Bc5 10.Nf3 Nxf3+ 11.Bxf3 Ke7 12.Qc2 Nd5 13.Bd2 Qe5 14.Rad1 Bb7 
15.a3 Rd8 16.Qxh7 Nf6 17.Qxg7 Bxf3 18.exf3 Qxb2 1/2-1/2

[Event "20th Bosna it"]
[Site "Sarajevo YUG"]
[Date "1981.03.21"]
[Round "4"]
[White "Lukacs, Peter"]
[Black "Kurajica, Bojan"]
[Result "1/2-1/2"]
[WhiteElo "2465"]
[BlackElo "2495"]
[EventDate "1981.03.18"]
[PlyCount "51"]

1.d4 Nf6 2.c4 e6 3.Nc3 Bb4 4.e3 d5 5.Bd3 O-O 6.Nf3 b6 7.O-O Ba6 8.cxd5 
Bxc3 9.Bxa6 Nxa6 10.bxc3 Qxd5 11.Qa4 Qb7 12.Ba3 Rfc8 13.Ne5 c5 14.c4 Ne4 
15.f3 Nc3 16.Qb3 cxd4 17.Rfe1 f6 18.exd4 fxe5 19.Rxe5 b5 20.cxb5 Qd7 21.
Rxe6 Qxd4+ 22.Kh1 Kh8 23.bxa6 Ne4 24.Qb2 Nf2+ 25.Kg1 Nh3+ 26.Kh1 1/2-1/2

[Event "20th Bosna it"]
[Site "Sarajevo YUG"]
[Date "1981.03.21"]
[Round "4"]
[White "Martinovic, Slobodan"]
[Black "Jansa, Vlastimil"]
[Result "1/2-1/2"]
[WhiteElo "2475"]
[BlackElo "2495"]
[EventDate "1981.03.18"]
[PlyCount "29"]

1.e4 d6 2.d4 Nf6 3.Nc3 g6 4.g3 Bg7 5.Bg2 O-O 6.h3 Nbd7 7.Be3 e5 8.Nge2 Re8
9.O-O c6 10.Re1 exd4 11.Bxd4 b5 12.a3 Bb7 13.Be3 Qc7 14.g4 a5 15.Ng3 
1/2-1/2

[Event "20th Bosna it"]
[Site "Sarajevo YUG"]
[Date "1981.03.22"]
[Round "5"]
[White "Arapovic, Vitomir"]
[Black "Martinovic, Slobodan"]
[Result "1-0"]
[WhiteElo "2380"]
[BlackElo "2475"]
[EventDate "1981.03.18"]
[PlyCount "59"]

1.b3 d5 2.Bb2 Bg4 3.Nf3 Bxf3 4.gxf3 e6 5.e3 Nf6 6.f4 Nbd7 7.d3 Bd6 8.Rg1 
g6 9.Nd2 e5 10.f5 Qe7 11.Qf3 Ba3 12.O-O-O a5 13.fxg6 hxg6 14.Bh3 c6 15.c3 
Bxb2+ 16.Kxb2 Nc5 17.e4 dxe4 18.Nxe4 Ncxe4 19.dxe4 Rh4 20.Bg4 a4 21.b4 a3+
22.Kb1 Rxh2 23.Bh3 Rd8 24.Qg3 Rxd1+ 25.Rxd1 Nxe4 26.Bd7+ Kf8 27.Qxh2 Kg7 
28.Rh1 Kf6 29.Qh8+ Kg5 30.Qh4# 1-0

[Event "20th Bosna it"]
[Site "Sarajevo YUG"]
[Date "1981.03.22"]
[Round "5"]
[White "Kelecevic, Nedeljko"]
[Black "Lukacs, Peter"]
[Result "1/2-1/2"]
[WhiteElo "2400"]
[BlackElo "2465"]
[EventDate "1981.03.18"]
[PlyCount "24"]

1.d4 d5 2.c4 e6 3.Nf3 Nf6 4.g3 dxc4 5.Qa4+ Bd7 6.Qxc4 c5 7.Bg2 Bc6 8.dxc5 
Nbd7 9.O-O Bxc5 10.Nc3 Rc8 11.Qf4 O-O 12.Nd2 Bxg2 1/2-1/2

[Event "20th Bosna it"]
[Site "Sarajevo YUG"]
[Date "1981.03.22"]
[Round "5"]
[White "Klaric, Zlatko"]
[Black "Cekro, Ekrem"]
[Result "1-0"]
[WhiteElo "2465"]
[BlackElo "2350"]
[EventDate "1981.03.18"]
[PlyCount "71"]

1.g3 c5 2.Bg2 Nc6 3.e4 g6 4.c3 Bg7 5.Qe2 e5 6.d3 Nge7 7.Be3 d6 8.Qd2 O-O 
9.Ne2 b6 10.c4 Nd4 11.Nxd4 cxd4 12.Bh6 Rb8 13.Bxg7 Kxg7 14.O-O Be6 15.Na3 
Qd7 16.Nc2 Nc6 17.b4 a6 18.a4 a5 19.Rfb1 axb4 20.Nxb4 Nxb4 21.Qxb4 Qc7 22.
Rb2 Rfd8 23.Rab1 Ra8 24.f4 Qc6 25.f5 Bd7 26.Qd2 Ra6 27.f6+ Kxf6 28.Qh6 Ke7
29.Qh4+ Ke8 30.Rf2 Be6 31.Qxh7 Ra7 32.Bh3 Qc8 33.Rbf1 Re7 34.Bxe6 fxe6 35.
Rf8+ Kd7 36.Qxe7+ 1-0

[Event "20th Bosna it"]
[Site "Sarajevo YUG"]
[Date "1981.03.22"]
[Round "5"]
[White "Osmanovic, Kemal"]
[Black "Psakhis, Lev"]
[Result "0-1"]
[WhiteElo "2395"]
[BlackElo "2500"]
[EventDate "1981.03.18"]
[PlyCount "86"]

1.c4 c5 2.g3 g6 3.Bg2 Bg7 4.Nc3 Nc6 5.a3 d6 6.Rb1 a5 7.d3 e6 8.e4 Nge7 9.
Nge2 O-O 10.Be3 b6 11.O-O Rb8 12.Qd2 Ba6 13.b3 Ne5 14.Bf4 N7c6 15.a4 Bb7 
16.h3 f5 17.f3 Nb4 18.d4 Ned3 19.Bg5 Qd7 20.d5 exd5 21.exd5 Rbe8 22.Nc1 
Bd4+ 23.Kh2 f4 24.Nxd3 Be3 25.Qd1 fxg3+ 26.Kxg3 Bxg5 27.Ne4 Nxd3 28.Qxd3 
Bf4+ 29.Kf2 Qe7 30.Ke2 Qg5 31.Rf2 Qh4 32.Rh1 Bc8 33.Qc2 Bf5 34.Kd1 Re5 35.
Re2 Bxe4 36.Rxe4 Rxe4 37.fxe4 Qf6 38.Rf1 Qd4+ 39.Ke2 Qe3+ 40.Kd1 Qd4+ 41.
Ke2 Qe3+ 42.Kd1 Bg5 43.Qb2 Qd3+ 0-1

[Event "20th Bosna it"]
[Site "Sarajevo YUG"]
[Date "1981.03.22"]
[Round "5"]
[White "Uhlmann, Wolfgang"]
[Black "Knezevic, Milorad"]
[Result "1-0"]
[WhiteElo "2475"]
[BlackElo "2500"]
[EventDate "1981.03.18"]
[PlyCount "87"]

1.c4 e5 2.Nc3 Bb4 3.g3 Ne7 4.Bg2 O-O 5.Qb3 Nbc6 6.Nf3 a5 7.O-O Bc5 8.e3 d6
9.h3 f5 10.Rd1 e4 11.Ne1 Ne5 12.d4 exd3 13.Nxd3 Nxd3 14.Rxd3 c6 15.Na4 Ba7
16.Qd1 Bb8 17.b3 Ng6 18.Ba3 Rf6 19.c5 Ne5 20.Rd4 Be6 21.cxd6 Nd7 22.Qc2 
Ba7 23.Rd2 Rc8 24.Rad1 Bd5 25.Bxd5+ cxd5 26.Qd3 d4 27.exd4 f4 28.Kh2 fxg3+
29.fxg3 Qf8 30.Nc5 Rf2+ 31.Rxf2 Qxf2+ 32.Kh1 Bxc5 33.dxc5 Nf6 34.Rf1 Qxa2 
35.d7 Rd8 36.Qc4+ Kh8 37.Qe6 Qxa3 38.Qe8+ Rxe8 39.dxe8=Q+ Ng8 40.Qb5 h6 
41.Qc4 Nf6 42.Rd1 Ng8 43.h4 Nf6 44.h5 1-0

[Event "20th Bosna it"]
[Site "Sarajevo YUG"]
[Date "1981.04.03"]
[Round "6"]
[White "Cekro, Ekrem"]
[Black "Osmanovic, Kemal"]
[Result "1/2-1/2"]
[WhiteElo "2350"]
[BlackElo "2395"]
[EventDate "1981.03.18"]
[PlyCount "22"]

1.c4 c5 2.Nc3 Nc6 3.g3 g6 4.Bg2 Bg7 5.Nf3 e6 6.O-O Nge7 7.d3 O-O 8.Bd2 d5 
9.Qc1 b6 10.Bh6 Bb7 11.Bxg7 Kxg7 1/2-1/2

[Event "20th Bosna it"]
[Site "Sarajevo YUG"]
[Date "1981.03.24"]
[Round "6"]
[White "Dizdarevic, Emir"]
[Black "Kelecevic, Nedeljko"]
[Result "1/2-1/2"]
[WhiteElo "2340"]
[BlackElo "2400"]
[EventDate "1981.03.18"]
[PlyCount "39"]

1.g3 d5 2.Bg2 e5 3.d3 c6 4.Nf3 Bd6 5.O-O Nf6 6.e4 O-O 7.Nbd2 Re8 8.Re1 
Nbd7 9.Nh4 dxe4 10.Nf5 Bf8 11.Nxe4 Nxe4 12.dxe4 Qc7 13.Qf3 Nb6 14.h4 Be6 
15.b3 Rad8 16.Bb2 g6 17.Rad1 Bb4 18.Rxd8 Rxd8 19.Rd1 Rxd1+ 20.Qxd1 1/2-1/2

[Event "20th Bosna it"]
[Site "Sarajevo YUG"]
[Date "1981.03.24"]
[Round "6"]
[White "Knezevic, Milorad"]
[Black "Langeweg, Christian"]
[Result "1/2-1/2"]
[WhiteElo "2500"]
[BlackElo "2455"]
[EventDate "1981.03.18"]
[PlyCount "35"]

1.d4 Nf6 2.Nf3 e6 3.Bf4 d5 4.e3 c5 5.Nbd2 Nc6 6.c3 Bd6 7.Bg3 Bxg3 8.hxg3 
Qd6 9.Bb5 Bd7 10.Bxc6 Bxc6 11.Ne5 Nd7 12.Ndf3 Ke7 13.Qc2 Nf8 14.O-O-O Be8 
15.dxc5 Qxc5 16.e4 f6 17.Nd3 Qc4 18.exd5 1/2-1/2

[Event "20th Bosna it"]
[Site "Sarajevo YUG"]
[Date "1981.03.24"]
[Round "6"]
[White "Lukacs, Peter"]
[Black "Klaric, Zlatko"]
[Result "1/2-1/2"]
[WhiteElo "2465"]
[BlackElo "2465"]
[EventDate "1981.03.18"]
[PlyCount "22"]

1.d4 d5 2.c4 Bf5 3.Nc3 e6 4.Nf3 Nf6 5.Bf4 Bd6 6.Bxd6 Qxd6 7.c5 Qe7 8.e3 
O-O 9.Be2 Ne4 10.Qb3 c6 11.O-O Bg4 1/2-1/2

[Event "20th Bosna it"]
[Site "Sarajevo YUG"]
[Date "1981.03.25"]
[Round "7"]
[White "Arapovic, Vitomir"]
[Black "Uhlmann, Wolfgang"]
[Result "1/2-1/2"]
[WhiteElo "2380"]
[BlackElo "2475"]
[EventDate "1981.03.18"]
[PlyCount "30"]

1.Nf3 Nf6 2.g3 g6 3.Bg2 Bg7 4.O-O O-O 5.d3 d5 6.c4 c5 7.Nc3 Nc6 8.cxd5 
Nxd5 9.Bd2 b6 10.Nxd5 Qxd5 11.Bc3 Bb7 12.Ne5 Qe6 13.Nxc6 Bxc6 14.Bxc6 Qxc6
15.Bxg7 Kxg7 1/2-1/2

[Event "20th Bosna it"]
[Site "Sarajevo YUG"]
[Date "1981.03.25"]
[Round "7"]
[White "Jansa, Vlastimil"]
[Black "Knezevic, Milorad"]
[Result "1/2-1/2"]
[WhiteElo "2495"]
[BlackElo "2500"]
[EventDate "1981.03.18"]
[PlyCount "30"]

1.d4 d5 2.c4 e6 3.Nc3 Nf6 4.Bg5 Be7 5.e3 O-O 6.Nf3 Nbd7 7.Rc1 a6 8.cxd5 
exd5 9.Bd3 c6 10.O-O h6 11.Bh4 Ne8 12.Bxe7 Qxe7 13.Re1 Nd6 14.e4 dxe4 15.
Nxe4 Nf6 1/2-1/2

[Event "20th Bosna it"]
[Site "Sarajevo YUG"]
[Date "1981.03.25"]
[Round "7"]
[White "Kelecevic, Nedeljko"]
[Black "Martinovic, Slobodan"]
[Result "1/2-1/2"]
[WhiteElo "2400"]
[BlackElo "2475"]
[EventDate "1981.03.18"]
[PlyCount "80"]

1.d4 Nf6 2.c4 e6 3.Nc3 Bb4 4.Qc2 c5 5.dxc5 O-O 6.Nf3 Nc6 7.Bg5 Bxc5 8.e3 
b6 9.Rd1 Bb7 10.Be2 Be7 11.O-O Rc8 12.e4 Na5 13.b3 a6 14.a4 h6 15.Bh4 Nh5 
16.Bxe7 Qxe7 17.Rfe1 Rfd8 18.Nd2 Nf4 19.Bf1 Ng6 20.Qb2 Nc6 21.Nf3 Qc5 22.
Na2 Nge5 23.Nxe5 Nxe5 24.Rc1 d6 25.h3 Rd7 26.Re3 Nc6 27.Rd1 Rcd8 28.Nc1 
Qe5 29.Qd2 Qg5 30.Ne2 a5 31.f4 Qc5 32.Kh2 Nb4 33.Ng3 Nc6 34.Rd3 Nb4 35.Rc3
Nc6 36.Rd3 Nb4 37.Rc3 Bc6 38.Be2 Bb7 39.Qb2 e5 40.f5 f6 1/2-1/2

[Event "20th Bosna it"]
[Site "Sarajevo YUG"]
[Date "1981.03.25"]
[Round "7"]
[White "Klaric, Zlatko"]
[Black "Dizdarevic, Emir"]
[Result "1-0"]
[WhiteElo "2465"]
[BlackElo "2340"]
[EventDate "1981.03.18"]
[PlyCount "127"]

1.b4 e5 2.Bb2 Bxb4 3.Bxe5 Nf6 4.e3 O-O 5.Nf3 Re8 6.c3 Bf8 7.Qa4 c5 8.Bxb8 
Rxb8 9.Qxa7 Qc7 10.Na3 Bd6 11.Rb1 b6 12.Qxc7 Bxc7 13.Nb5 Bd8 14.Nd6 Re6 
15.Nxc8 Rxc8 16.Bb5 Re7 17.O-O Ne4 18.c4 Bc7 19.Rfc1 Rd8 20.d3 Nd6 21.Ba4 
Ra8 22.Bb3 Nb7 23.d4 Na5 24.d5 Nb7 25.Ne1 f5 26.Nd3 Kf7 27.g3 Kf6 28.Nb2 
g5 29.Na4 Nd6 30.Nc3 f4 31.exf4 gxf4 32.Re1 Rg7 33.Kg2 h5 34.Kf3 Rag8 35.
Ne2 Nf5 36.Bc2 fxg3 37.hxg3 Rg4 38.Bxf5 Kxf5 39.Rh1 Rh8 40.Rh4 Rxh4 41.
gxh4 Ra8 42.Ng3+ Kg6 43.Rg1 Bxg3 44.fxg3 Kf5 45.Rb1 Rb8 46.g4+ hxg4+ 47.
Kg3 Ra8 48.Rf1+ Kg6 49.Kxg4 Rxa2 50.h5+ Kg7 51.Kf5 Rc2 52.Rf4 Kf7 53.h6 
Re2 54.Rg4 Ra2 55.Rg7+ Kf8 56.Kg6 Rg2+ 57.Kf6 Rf2+ 58.Ke5 Rh2 59.Rh7 Rh4 
60.d6 Rxc4 61.Rxd7 Kg8 62.Rb7 Rd4 63.h7+ Kh8 64.d7 1-0

[Event "20th Bosna it"]
[Site "Sarajevo YUG"]
[Date "1981.03.25"]
[Round "7"]
[White "Osmanovic, Kemal"]
[Black "Lukacs, Peter"]
[Result "1/2-1/2"]
[WhiteElo "2395"]
[BlackElo "2465"]
[EventDate "1981.03.18"]
[PlyCount "37"]

1.c4 e5 2.Nc3 Nf6 3.e3 c6 4.Nf3 d6 5.d4 e4 6.Nd2 d5 7.Be2 Be7 8.Qb3 O-O 9.
cxd5 cxd5 10.f3 Nc6 11.fxe4 dxe4 12.O-O Bd6 13.Ndxe4 Nxe4 14.Nxe4 Bxh2+ 
15.Kxh2 Qh4+ 16.Kg1 Qxe4 17.Bd3 Qe7 18.Bd2 Be6 19.d5 1/2-1/2